000 00548nam a2200193Ia 4500
001 18906
003 GE_BSU
008 181216s||||||||xx |||||||||||||| ||und||
040 _cGE_BSU
245 _aНовая и новейшая история №3 май-июль,2016
245 _cГлавный ред:В.В Согорин, и др
260 _aМосква
260 _bНаука
260 _c2016
300 _a256стр,23см
653 _aИстория
653 _aНовая и новейшая история
942 _cCR
999 _c51906
_d51906